Die auflagenstärksten Zeitschriften Deutschlands - Statistiken

Allgemein
  • Dieses Quiz wurde 190 mal gespielt
  • Das Durchschnittsergebnis liegt bei 4 aus 20
Antwortstatistiken
Auflage Zeitschrift % Korrekt
730.990 Der Spiegel
82%
425.891 Focus
59%
542.944 Stern
59%
443.472 Bunte
44%
666.526 Bild der Frau
38%
398.279 Brigitte
36%
983.955 Hörzu
23%
764.344 TV Spielfilm
15%
938.075 TV Movie
9%
641.410 Freizeit Revue
8%
483.032 Neue Post
6%
1.523.618 TV Digital
6%
888.317 Landlust
3%
541.951 TV Hören und Sehen
3%
2.131.618 TV 14
2%
1.040.156 TV Direkt
2%
753.006 Auf einen Blick
1%
847.770 nurTV plus
0%
381.474 TV für mich
0%
586.651 TV pur
0%
Keine übereinstimmenden Quizze gefunden
Verteilung der Resultate
Anzahl Personen mit jedem Resultat
Perzentil nach korrekt beantworteten Fragen
Ihre Resultats-Entwicklung
Sie haben dieses Quiz noch nicht gespielt